00705nam a2200241 a 4500001001300000003000900013005001700022008004100039020001000080082001600090100001700106245008000123260003000203300000800233500003500241505001300276650003300289700001700322902000800339942000700347952009600354999001300450nice12345678IN_TiNIC20260116011328.0050524s1895 leia grp 000 0 ara  ac10000a181.07bDIE aDieterici, F aAlfrabi`s Abhandlung Der Musterstaat Aus Londoner Und Oxforder Handschrifte aLeidenbE. J. Brillc1895 a85p aincludes index and biblioraphy2 aarchives aPhilosophy-Islamic-Al Farabi1 aDieterici, F bSRS cBK 00104070aHMIbHMId2008-04-24g100.00l0o181.07 DIEp1626r2008-04-24w2026-01-16yARB c561d561